000 01563nam a2200253Ia 4500
003 Ost
005 20260507075303.0
008 260507s9999||||xx |||||||||||||| ||und||
020 _a70503399579
040 _cfsecg
041 _aara
082 _a330
100 _aنجم، عبود نجم
_eمؤلف
245 0 _aإدارة المعرفة :
_bالمفاهيم و الاستراتيجيات و العمليات /
_c عبود نجم نجم
250 _aطبعة 2 مزيدة و منقحة
260 _aعمان:
_bمؤسسة الوراق,
_c2008
300 _a581 صفحة؛
_bإيضاحات ؛
_c25 سم
504 _aملاحق ص.571
520 _aمفهوم و خصائص المعرفة و خصائصها ، مدخل الى ادارة المعرفة و النعرفة الاستراتيجية ، اقتصاد المعرفة ، دراسة التعلم و العوامل المؤدية للاهتمام به و أنماطه و دراسته مع الميزة التنافسية و العولمة ، ، مفهوم رأس المال الفكري ، مكوناته و مقاييسه و طرق قياسه، ادارة علاقات الزبون و ادارة المعرفة و نظم المعلومات الادارية ، المعرفة الالكترونية و قياس و تقيم إنتاجية العمل المعرفي ، المدخل الياباني لادارة المعرفة و أخلاقيات ادارة المعرفة .
653 _aالادارة
653 _aالمعرفة
653 _aتقييم الاداء
942 _cكتاب
999 _c43799
_d43799